Eastern Utah Libraries Catalog: Duchesne, Heber, Roosevelt, & Vernal

Your alien / (Record no. 410330)

MARC details
000 -LEADER
fixed length control field 01799cam a2200421 i 4500
001 - CONTROL NUMBER
control field on1438656957
003 - CONTROL NUMBER IDENTIFIER
control field OCoLC
005 - DATE AND TIME OF LATEST TRANSACTION
control field 20250731170056.0
008 - FIXED-LENGTH DATA ELEMENTS--GENERAL INFORMATION
fixed length control field 240525t20152015nyua a 000 1 eng d
040 ## - CATALOGING SOURCE
Original cataloging agency AU@
Language of cataloging eng
Transcribing agency AU@
Description conventions rda
Modifying agency OCLCO
-- TH8
-- OCLCQ
-- OCLCL
020 ## - INTERNATIONAL STANDARD BOOK NUMBER
International Standard Book Number 9781454950622
Qualifying information paperback
020 ## - INTERNATIONAL STANDARD BOOK NUMBER
International Standard Book Number 1454950625
020 ## - INTERNATIONAL STANDARD BOOK NUMBER
International Standard Book Number 9798890336422
Qualifying information (Penworthy)
029 0# - (OCLC)
OCLC library identifier AU@
System control number 000076658941
035 ## - SYSTEM CONTROL NUMBER
System control number (OCoLC)1438656957
082 04 - DEWEY DECIMAL CLASSIFICATION NUMBER
Classification number 813.6
Edition number 23/eng/20230216
-- https://id.oclc.org/worldcat/ddc/E3qfYbMxFWYckDv9XcrydTCjh8
049 ## - LOCAL HOLDINGS (OCLC)
Holding library WACL
100 1# - MAIN ENTRY--PERSONAL NAME
Personal name Sauer, Tammi,
Relator term author.
9 (RLIN) 5686001
245 10 - TITLE STATEMENT
Title Your alien /
Statement of responsibility, etc by Tammi Sauer ; illustrated by Goro Fujita.
264 #1 - Production, Publication, Distribution, Manufacture, and Copyright Notice.
Place of production, publication, distribution, manufacture New York :
Name of producer, publisher, distributor, manufacturer Union Square Kids,
Date of production, publication, distribution, manufacture, or copyr [2015].
264 #4 - Production, Publication, Distribution, Manufacture, and Copyright Notice.
Date of production, publication, distribution, manufacture, or copyr �2015.
300 ## - PHYSICAL DESCRIPTION
Extent 32 unnumbered pages :
Other physical details colour illustrations ;
Dimensions 26 cm
336 ## - Content Type
Content type term text
336 ## - Content Type
Content type term still image
337 ## - Media type
Media type term unmediated
338 ## - Carrier type
Carrier type term volume
520 ## - SUMMARY, ETC.
Summary, etc When a little boy meets a stranded alien child, the two instantly strike up a fabulous friendship. But at bedtime, the alien suddenly grows very sad. Can the boy figure out what his new buddy needs most of all?
650 #0 - SUBJECT ADDED ENTRY--TOPICAL TERM
Topical term or geographic name as entry element Friendship
Form subdivision Juvenile fiction.
9 (RLIN) 5673647
650 #0 - SUBJECT ADDED ENTRY--TOPICAL TERM
Topical term or geographic name as entry element Human-alien encounters
Form subdivision Juvenile fiction.
9 (RLIN) 5691955
650 #0 - SUBJECT ADDED ENTRY--TOPICAL TERM
Topical term or geographic name as entry element Homesickness
Form subdivision Juvenile fiction.
9 (RLIN) 6428598
650 #6 - SUBJECT ADDED ENTRY--TOPICAL TERM
Topical term or geographic name as entry element Amiti�e
Form subdivision Romans, nouvelles, etc. pour la jeunesse.
9 (RLIN) 6449225
650 #6 - SUBJECT ADDED ENTRY--TOPICAL TERM
Topical term or geographic name as entry element Rencontres avec les extraterrestres
Form subdivision Romans, nouvelles, etc. pour la jeunesse.
9 (RLIN) 6454211
650 #6 - SUBJECT ADDED ENTRY--TOPICAL TERM
Topical term or geographic name as entry element Mal du pays
Form subdivision Romans, nouvelles, etc. pour la jeunesse.
9 (RLIN) 6549565
655 #7 - INDEX TERM--GENRE/FORM
Genre/form data or focus term Picture books.
Source of term lcgft
700 1# - ADDED ENTRY--PERSONAL NAME
Personal name Fujita, Goro
Titles and other words associated with a name (Artist),
Relator term illustrator.
9 (RLIN) 6549566
936 ## - OCLC/CONSER MISCELLANEOUS DATA (OCLC); PIECE USED FOR CATALOGING (pre-AACR2) (RLIN)
OCLC control number(s) of parallel record(s) (OCLC); Piece used for cataloging, PUC (RLIN) BATCHLOAD
994 ## -
-- C0
-- WACOL
Holdings
Withdrawn status Lost status Source of classification or shelving scheme Damaged status Not for loan Collection code Home library Current library Shelving location Date acquired Source of acquisition Total Checkouts Total Renewals Full call number Barcode Date last seen Date checked out Cost, replacement price Price effective from Koha item type
    Dewey Decimal Classification     Children Picture Books Wasatch County Library Wasatch County Library Main Floor Childrens Area 07/31/2025 Penworthy 1 2 E Sauer 34301002163022 11/30/2025 08/02/2025 23.49 07/31/2025 BOOK
This project was made possible through a grant from the Institute of Museum and Library Service administered by the Utah State Library Division.

Wasatch County Library

  • 465 East 1200 South, Heber City, Utah 84032
  • Phone 435-654-1511 | Fax 435-654-6456

Hours

  • Monday - Friday 9:30 AM - 8:00 PM
  • Saturday 9:30 AM - 1:30 PM
  • Closed Sundays and Holidays